000 00349pab a2200145 454500
008 180718b1987 xxu||||| |||| 00| 0 eng d
100 _aAlagh, Yoginder K.
245 _aWhat should be industrial policy in India
260 _c1987
300 _a18-22
362 _a5 Sept.
650 _aIndustrial - India
773 _aCommerce
909 _a10540
999 _c10540
_d10540